| 000 | 01109nam a22002417a 4500 | ||
|---|---|---|---|
| 005 | 20211104141610.0 | ||
| 008 | 211104b ||||| |||| 00| 0 eng d | ||
| 020 | _a817062004x | ||
| 040 | _cAL | ||
| 041 | _aeng | ||
| 082 |
_223 _a338.47 _bCABC |
||
| 100 |
_aVincent Cable: Ann Weston: L C Jain _99702 |
||
| 245 | _aCommerce of Culture: Experience of Indian Handicrafts | ||
| 260 |
_aNew Delhi _bLancer International _c1986 |
||
| 300 |
_a237 p. _bHB _c23x14 cm. |
||
| 365 |
_b150.00 _c₹ _d150.00 |
||
| 520 |
_aThe Present Study Lucidly Analyses The Major Issues Having A Bearing On The Role Of Handicrafts And Handloom Products In India`S Economy And International Trade. This Pioneering Effort Should Be Of Major Interest To Policy Makers, Associations Of Producers And Exporters, Marketing Experts And Social Welfare Agencies. _uhttps://wosevujatusifi.inkpaperster.icu/the-commerce-of-culture-book-14767sv.php |
||
| 650 |
_aProduction Economics _99703 |
||
| 650 |
_aHandicrafts _99704 |
||
| 650 |
_aHandlooms _99705 |
||
| 700 |
_aCABLE (Vincent): WESTON (Ann): JAIN (L C) _99706 |
||
| 942 |
_2ddc _cGF |
||
| 999 |
_c220381 _d220381 |
||